Quiz o Rosji z mapą - Statystyki

Ogólne statystyki
  • Ten quiz został rozwiązany 1 177 razy
    1 131 od ostatniego zresetowania
  • Średni wynik to 32 z 64
Odpowiedzi na mapie
Odpowiedzi zakodowano w zielono-czerwonej skali na mapie do tego quizu, zgodnie z poniższymi procentami.
 
Statystyki odpowiedzi
Odpowiedź % Poprawnych
12 455 682 Moskwa
96%
5 384 342 Petersburg
93%
Największe miasto w eksklawie w Europie Królewiec
84%
Ural
80%
Wołga
77%
Miasto , w którym odbyły się Zimowe Igrzyska Olimpijskie 2014 Soczi
74%
Łotwa
72%
Estonia
71%
Litwa
71%
Chiny
69%
Gruzja
69%
Kazachstan
69%
Ukraina
69%
Mongolia
68%
Polska
68%
Azerbejdżan
67%
Finlandia
67%
Białoruś
66%
Korea Północna
66%
Oficjalna rezydencja prezydenta Federacji Rosyjskiej Kreml moskiewski
66%
Kwatera główna rosyjskiej marynarki wojennej Floty Pacyfiku Władywostok
66%
Bajkał
64%
Najzimniejsze duże miasto na świecie Jakuck
64%
Szuszenskoje: Zanim stanął na czele rewolucji bolszewickiej, ten rewolucjonista został tam zesłany Włodzimierz Lenin
64%
Ocean Arktyczny
63%
(W pobliżu) Tobolska: Urodził się tam rosyjski chemik, najbardziej znany z układu okresowego pierwiastków Dmitrij Mendelejew
62%
Morze Czarne
61%
Kaukaz
58%
Morze Kaspijskie
58%
Norwegia
57%
Największe miasto na świecie północ od koła podbiegunowego Murmańsk
55%
1 257 341 Kazań
53%
Lena
50%
Elbrus
49%
Moskwa: Ten kultowy balet Czajkowskiego miał premierę w Teatrze Bolszoj Jezioro Łabędzie
49%
Morze Bałtyckie
48%
Morze Japońskie
48%
Największa wyspa Rosji Sachalin
48%
Republika rosyjska, w przeważającej mierze muzułmańska, słynąca z zawodników MMA Dagestan
47%
1 495 066 Jekaterynburg
46%
Ob
46%
Ocean Spokojny
46%
1 623 162 Nowosybirsk
45%
Region częściowo przekazany Związkowi Radzieckiemu po wojnie zimowej Karelia
44%
Omsk: Ta ważna powieść Dostojewskiego została zainspirowana jego własnym wygnaniem w tym regionie Zbrodnia i kara
44%
Samara: Miasto zostało założone za panowania tego człowieka, pierwszego cara całej Rusi. Iwan IV Groźny
43%
Ładoga
40%
Morze Beringa
40%
Don
39%
Amur
34%
Morze Barentsa
33%
Morze Azowskie
32%
Jenisej
31%
Drugie co do wielkości muzeum sztuki na świecie Ermitaż
27%
Morze Ochockie
24%
1942-1943: Bitwa II wojny światowej, która zniszczyła niemiecką 6. Armię Bitwa Stalingradzka
19%
Ałtaj
18%
Obiekt religijny symbolizujący rosyjską architekturę Sobór Wasyla Błogosławionego
17%
1242: Bitwa na zamarzniętym jeziorze pomiędzy siłami katolickimi i prawosławną Republiką Nowogrodzką Bitwa na jeziorze Pejpus
10%
Kluczewska Sopka
10%
Syberia: Ten epicki film Konczałowskiego obejmuje kilka pokoleń dwóch rodzin żyjących tam Syberiada
8%
Biełucha
5%
Obszar geotermalny znany z licznych gorących źródeł Dolina Gejzerów
4%
Naturalna formacja skalna wzdłuż brzegów najdłuższej rzeki Rosji „Słupy Leńskie”
4%
Nie znaleziono quizów pasujących do podanych kryteriów
Rozkład punktacji
Procent ludzi z każdym wynikiem
Percentyl według liczby udzielonych odpowiedzi
Twoja historia wyników
Nie rozwiązałeś tego quizu od ostatniego zresetowania